|
|
|
|
| LEADER |
01705nam a2200457 a 4500 |
| 001 |
nkc20061699279 |
| 003 |
CZ PrNK |
| 005 |
20070312100216.0 |
| 007 |
ta |
| 008 |
061127s2006 xr a e p 000 0 cze |
| 015 |
|
|
|a cnb001699279
|
| 020 |
|
|
|a 80-7314-103-5
|q (brož.)
|
| 035 |
|
|
|a (OCoLC)124089321
|
| 040 |
|
|
|a BOA001
|b cze
|
| 072 |
|
7 |
|a 004
|x Počítačová věda. Výpočetní technika. Informační technologie
|2 Konspekt
|9 23
|
| 072 |
|
7 |
|a 37.016
|x Učební osnovy. Vyučovací předměty. Učebnice
|2 Konspekt
|9 22
|
| 080 |
|
|
|a 007+004
|2 MRF
|
| 080 |
|
|
|a 004
|2 MRF
|
| 080 |
|
|
|a 621.39+004.7
|2 MRF
|
| 080 |
|
|
|a (075.8)
|2 MRF
|
| 100 |
1 |
|
|a Rukovanský, Imrich,
|d 1942-
|7 jk01103045
|4 aut
|
| 245 |
1 |
0 |
|a Základy informačního systému /
|c Imrich Rukovanský
|
| 250 |
|
|
|a Vyd. 1.
|
| 260 |
|
|
|a Kunovice :
|b Evropský polytechnický institut,
|c 2006
|
| 300 |
|
|
|a 84 s. :
|b il. ;
|c 30 cm
|
| 500 |
|
|
|a 100 výt.
|
| 504 |
|
|
|a Obsahuje bibliografii
|
| 650 |
0 |
7 |
|a informační systémy
|7 ph114774
|2 czenas
|
| 650 |
0 |
7 |
|a informační technologie
|7 ph121106
|2 czenas
|
| 650 |
0 |
7 |
|a komunikační technologie
|7 ph121769
|2 czenas
|
| 650 |
0 |
9 |
|a information systems
|2 eczenas
|
| 650 |
0 |
9 |
|a information technology
|2 eczenas
|
| 650 |
0 |
9 |
|a communication technology
|2 eczenas
|
| 655 |
|
7 |
|a učebnice vysokých škol
|7 fd133772
|2 czenas
|
| 655 |
|
9 |
|a textbooks (higher)
|2 eczenas
|
| 856 |
4 |
1 |
|u http://www.digitalniknihovna.cz/mzk/uuid/uuid:1cd2ee70-5bea-11e7-8ee1-005056827e51
|y Digitalizovaný dokument
|x NDK
|
| 910 |
2 |
|
|a BOA001
|b 3-1177.601
|
| 990 |
|
|
|a BK
|
| 995 |
|
|
|a 01
|
| 991 |
|
|
|b 200612
|c NOV
|
| 996 |
6 |
|
|b 2610295401
|c 3-1177.601
|l MZK
|r Sklad / do 1 hodiny
|n 3
|p p.v.
|w 000834638
|u 000010
|a 1
|e BOA001
|j MZK50
|s P
|